000 00254nam a22001217a 4500
999 _c165157
_d165157
020 _a
082 _a
_b
100 _aVidhyanivaz Misra
245 _aAjneya/
_cby Vidhyanivaz Misra.
260 _aNew Delhi:
_bRajpal,
_c
650 _a
942 _cBK